| 000 | 01582nam2a2200277 4500 | ||
|---|---|---|---|
| 001 | RU\NLR\BIBL_A\022043108 | ||
| 005 | 20231110131350.0 | ||
| 010 |
_a9785-6048964-8-8 _9500 |
||
| 021 |
_aRU _bКН-П-23-055041 _9КН-П-23-5531 |
||
| 035 | _a(NLR Aleph) 022043108 | ||
| 035 | _a(RuMoRGB)012065098 | ||
| 090 |
_a12575479 _c12575479 |
||
| 100 | _a20231006d2023 k y0rusy50 ca | ||
| 101 | 0 | _arus | |
| 102 | _aRU | ||
| 105 | _aab z 001zy | ||
| 200 | 0 | _aЧ. 3 | |
| 210 | _d2023 | ||
| 215 |
_a873 с. _cцв. ил., карты |
||
| 320 | _aБиблиогр.: с. 629-682 | ||
| 320 | _aУказ. лат. назв. жуков-усачей: с. 683-707 | ||
| 461 | 0 |
_1001RU\NLR\BIBL_A\010812134 _12001#$aЖуки-усачи (Coleoptera, Cerambycoidea) России и соседних стран$dLongicorn beetles (Coleoptera, Cerambycoidea) of Russia and adjacent countries$dBockkäfer (Coleoptera, Cerambycoidea) Russlands und angrenzender Länder$fМ. Л. Данилевский$g[Ин-т пробл. экологии и эволюции им. А. Н. Северцова РАН]$zeng$zger$vЧ. 3 _1700#1$aДанилевский$bМ. Л.$gМихаил Леонтьевич$3RU\NLR\AUTH\77119142 _910206997 _aДанилевский, М. Л. _cМосква _d2014 _fМ. Л. Данилевский _lLongicorn beetles (Coleoptera, Cerambycoidea) of Russia and adjacent countries _nВШК _tЖуки-усачи (Coleoptera, Cerambycoidea) России и соседних стран _vЧ. 3 |
|
| 942 | _cBOOK | ||
| 980 | _aNB | ||